LEADER 04543nam 22006852 450 001 9910461738903321 005 20151005020624.0 010 $a1-107-22132-3 010 $a1-283-11275-2 010 $a9786613112750 010 $a1-139-07636-1 010 $a1-139-08318-X 010 $a1-139-07864-X 010 $a1-139-08091-1 010 $a0-511-79425-8 010 $a1-139-07063-0 035 $a(CKB)2670000000089156 035 $a(EBL)691972 035 $a(OCoLC)723945784 035 $a(SSID)ssj0000521188 035 $a(PQKBManifestationID)11317855 035 $a(PQKBTitleCode)TC0000521188 035 $a(PQKBWorkID)10517414 035 $a(PQKB)10741882 035 $a(UkCbUP)CR9780511794254 035 $a(MiAaPQ)EBC691972 035 $a(Au-PeEL)EBL691972 035 $a(CaPaEBR)ebr10469088 035 $a(CaONFJC)MIL311275 035 $a(EXLCZ)992670000000089156 100 $a20100702d2011|||| uy| 0 101 0 $aeng 135 $aur||||||||||| 181 $ctxt$2rdacontent 182 $cc$2rdamedia 183 $acr$2rdacarrier 200 10$aBlack holes $eproceedings of the Space Telescope Science Institute Symposium, held in Baltimore, Maryland, April 23-26, 2007 /$fedited by Mario Livio, Anton Koekemoer$b[electronic resource] 210 1$aCambridge :$cCambridge University Press,$d2011. 215 $a1 online resource (ix, 321 pages) $cdigital, PDF file(s) 225 1 $aSpace Telescope Science Institute symposium series ;$v21 300 $aTitle from publisher's bibliographic system (viewed on 05 Oct 2015). 311 $a1-107-00553-1 320 $aIncludes bibliographical references. 327 $tBlack holes, entropy, and information /$rG.T. Horowitz --$tGravitational waves from black-hole mergers /$rJ.G. Baker [and others] --$tOut-of-this-world physics : black holes at future colliders /$rG. Landsberg --$tBlack holes in globular clusters /$rS.L.W. McMillan --$tEvolution of massive black holes /$rM. Volonteri --$tSupermassive black holes indeep multiwavelength surveys /$rC.M. Urry & E. Treister --$tBlack-hole masses from reverberation mapping /$rB.M. Peterson & M.C. Bentz --$tBlack-hole masses from gas dynamics /$rF.D. Macchetto --$tEvolution of supermassive black holes /$rA. Mu?ller & G. Hasinger --$tBlack-hole masses of distant quasars /$rM. Vestergaard --$tThe accretion history of supermassive black holes /$rK. Brand & the NDWFS Boo?tes Survey Teams --$tStrong field gravity and spin of black holes from broad iron lines /$rA.C. Fabian --$tBirth of massive black-hole binaries /$rM. Colpi [and others] --$tDynamics around supermassive black holes /$rA. Gualandris & D. Merritt --$tBlack-hole formation and growth /$rS.L. Shapiro --$tEstimating the spins of stellar-mass black holes /$rJ.E. McClintock, R. Narayan & R. Shafee --$tStellar relaxation processes near the galactic massive black hole /$rT. Alexander --$tTidal disruptions of stars by supermassive black holes /$rS. Gezari --$tWhere to look for radiatively inefficient accretion flows in low-luminosity AGN /$rM. Chiaberge --$tMaking black holes visible /$rJ.H. Krolik. 330 $aBlack holes, once considered to be of purely theoretical interest, play an important role in observational astronomy and a range of astrophysical phenomena. This volume is based on a meeting held at the Space Telescope Science Institute, which explored the many aspects of black hole astrophysics. Written by world experts in areas of stellar-mass, intermediate-mass and supermassive black holes, these review papers provide an up-to-date overview of developments in this field. Topics discussed range from black hole entropy and the fate of information to supermassive black holes at the centers of galaxies, and from the possibility of producing black holes in collider experiments to the measurements of black hole spins. This is an invaluable resource for researchers currently working in the field, and for graduate students interested in this active and growing area of research. 410 0$aSpace Telescope Science Institute symposium series ;$v21. 606 $aBlack holes (Astronomy) 606 $aAstrophysics 615 0$aBlack holes (Astronomy) 615 0$aAstrophysics. 676 $a523.8875 702 $aKoekemoer$b Anton 702 $aLivio$b Mario$f1945- 712 02$aSpace Telescope Science Institute (U.S.) 801 0$bUkCbUP 801 1$bUkCbUP 906 $aBOOK 912 $a9910461738903321 996 $aBLACK HOLES$9347239 997 $aUNINA LEADER 02726nam 2200529z- 450 001 9910595093003321 005 20251116142137.0 010 $a82-15-04097-7 035 $a(CKB)5450000000364722 035 $a(oapen)https://directory.doabooks.org/handle/20.500.12854/92492 035 $a(EXLCZ)995450000000364722 100 $a20202209d2021 |y 0 101 0 $anor 135 $aurmn|---annan 181 $ctxt$2rdacontent 182 $cc$2rdamedia 183 $acr$2rdacarrier 200 10$aNød og neppe$eFra anrop til beslutning ved politiets operasjonssentral 210 $aOslo$cScandinavian University Press (Universitetsforlaget)$d2021 215 $a1 electronic resource (278 p.) 311 08$a82-15-04096-9 330 $aIn police control rooms, everyday life is unpredictable. When handling a call, the staff must make assessments and important decisions based on limited information and often under time pressure: Which calls should become patrol work, and which should not?This book is a study of the work of police control rooms. It is based on extensive ethnographic fieldwork, and explores the field based on perspectives from actor-network theory, critical security studies, police science, and criminology. The book looks at the conditions for, significance of, and dilemmas in the control room's work, and further explores categorization practices, information processing, goal management, the relationship between the control room and the patrols, professionalization, and emergency preparedness work.The book?s analysis has implications not only for control rooms, but also for our understanding of the operational police work as a whole and for the conditions and significance of this work. 517 $aNød og neppe 517 $aNød og neppe 606 $aTechnology, engineering, agriculture$2bicssc 606 $aTechnology: general issues$2bicssc 606 $aSociety & social sciences$2bicssc 606 $aSocial services & welfare, criminology$2bicssc 606 $aCrime & criminology$2bicssc 610 $apolice control rooms 610 $apreparedness 610 $aoperative policing 610 $apolice science 610 $adecision making 610 $aknowledge production 610 $ascience and technology studies 610 $aprofessionalization 615 7$aTechnology, engineering, agriculture 615 7$aTechnology: general issues 615 7$aSociety & social sciences 615 7$aSocial services & welfare, criminology 615 7$aCrime & criminology 700 $aLundgaard$b Jenny Maria$4auth$01283199 906 $aBOOK 912 $a9910595093003321 996 $aNød og neppe$93018963 997 $aUNINA